[Event "Collado Villalba op-B 26th"]
[Site "Collado Villalba"]
[Date "2009.08.22"]
[Round "2"]
[White "Liceras Ruiz, Manuel"]
[Black "Greciano Reiskila, Miguel Cristian"]
[Result "0-1"]
[WhiteElo "1747"]
[BlackElo "1964"]
[PlyCount "68"]
[EventDate "2009.08.21"]
[EventType "swiss"]
[EventRounds "9"]
[EventCountry "ESP"]
[SourceTitle "EXT 2011"]
[Source "ChessBase"]
[SourceDate "2010.11.26"]
[SourceVersion "1"]
[SourceVersionDate "2010.11.26"]
[SourceQuality "1"]

1. Nf3 Nf6 2. c4 Nc6 3. Nc3 e5 4. d3 Bc5 5. Bg5 Bb4 6. a3 Bxc3+ 7. bxc3 0-0 8. g3 h6 9. Be3 d6 10. Bg2 Be6 11. 0-0 Qd7 12. Rb1 Rab8 13. Qa4 a6 14. Nd2 Bh3 15. Rxb7 Nd4 16. Qxa6 Nxe2+ 17. Kh1 Bxg2+ 18. Kxg2 Nxc3 19. Rc1 Ra8 20. Ra7 Rxa7 21. Qxa7 Qc6+ 22. f3 Ra8 23. Qxa8+ Qxa8 24. Rxc3 d5 25. Bc5 Qa5 26. Bb4 Qa7 27. c5 Qa4 28. Rb3 e4 29. dxe4 dxe4 30. Kf2 exf3 31. Kxf3 Qc6+ 32. Kf4 g5+ 33. Ke5 Qd5+ 34. Kxf6 Qe6# 0-1

[Event "Collado Villalba op 24th"]
[Site "Collado Villalba"]
[Date "2007.08.23"]
[Round "1"]
[White "Rubio Mejia, Luis Ignacio"]
[Black "Greciano Reiskila, Miguel Cristian"]
[Result "1-0"]
[WhiteElo "2270"]
[BlackElo "1961"]
[PlyCount "95"]
[EventDate "2007.08.23"]
[EventType "swiss"]
[EventRounds "9"]
[EventCountry "ESP"]
[SourceTitle "EXT 2008"]
[Source "ChessBase"]
[SourceDate "2007.11.25"]
[SourceVersion "1"]
[SourceVersionDate "2007.11.25"]
[SourceQuality "1"]

1. d4 d5 2. c4 c6 3. Nf3 e6 4. e3 Nf6 5. Nc3 Nbd7 6. Qc2 Be7 7. b3 0-0 8. Bb2 b6 9. Bd3 Bb7 10. 0-0 c5 11. cxd5 exd5 12. Ne5 Bd6 13. Nb5 Be7 14. Bf5 h6 15. Rfd1 a6 16. Nc3 cxd4 17. Nxd7 dxc3 18. Nxf6+ Bxf6 19. Bxc3 Bxc3 20. Qxc3 Qg5 21. Bh3 Rab8 22. Rd4 Bc8 23. Bxc8 Rfxc8 24. Qd2 Rd8 25. Rd1 Rbc8 26. g3 Qf6 27. Qd3 b5 28. e4 Qc6 29. exd5 Qc2 30. Qf3 Rc3 31. Qf4 Qxa2 32. d6 Qxb3 33. d7 Rc4 34. Qe5 Qa4 35. Qe8+ Kh7 36. Qxd8 Rxd4 37. Rxd4 Qxd4 38. Qe8 Qd1+ 39. Kg2 Qd5+ 40. f3 Qa2+ 41. Kh3 Qf2 42. Qe4+ g6 43. d8Q Qf1+ 44. Kh4 Qf2 45. h3 Qc5 46. Qed5 Qb4+ 47. f4 g5+ 48. Kh5 1-0